| 000 | 01130cam a2200265 a 4500 | ||
|---|---|---|---|
| 001 | sa 66000055 | ||
| 003 | DLC | ||
| 005 | 20260227112212.0 | ||
| 008 | 880825r19651881ii 001 0 eng | ||
| 010 | _asa 66000055 | ||
| 035 | _a(OCoLC)18401328 | ||
| 040 |
_aDLC _cDLC _dDLC |
||
| 041 | 1 |
_aeng _hpli |
|
| 050 | 0 | 0 |
_aBQ1192.E53 _bD38 1965 |
| 130 | 0 |
_aTipiṭaka. _pSuttapiṭaka. _kSelections. _lEnglish. |
|
| 245 | 1 | 0 |
_aBuddhist suttas / _ctranslated from Pâli by T.W. Rhys Davids. |
| 260 |
_aDelhi : _bMotilal Banarsidass, _c1965. |
||
| 300 |
_axlviii, 320 p. ; _c23 cm. |
||
| 440 | 4 |
_aSacred books of the East series ; _vv. 11 |
|
| 440 | 0 |
_aUNESCO collection of representative works. _pIndian series |
|
| 500 | _aReprint. Originally published: Oxford : Clarendon Press, 1881. | ||
| 504 | _aIncludes bibliographical references and index. | ||
| 505 | 0 | _aThe Mahâ-parinibbâna Suttanta -- The Dhamma-kakka-ppavattana Sutta -- The Tevigga Suttanta -- The Âkaṅkheyya Sutta -- The Ketokhila Sutta -- The Mahâ-sudassana Suttanta -- The Sabbâsava Sutta. | |
| 700 | 1 |
_aDavids, T. W. Rhys _q(Thomas William Rhys), _d1843-1922. |
|
| 999 |
_c67011 _d67011 |
||